Sistema de información web para mejorar la Gestión de procesos de reservación, control y facturación de habitaciones para el Hotel Kelly
Presenta el desarrollo de un prototipo de sistema de información web para mejorar la gestión de procesos de reservaciones, control de facturación de habitaciones para el Hotel Kelly. Se aplica una metodología basada en ingeniería web asistida por UWE para el diseño del sistema de información...
| Main Authors: | , |
|---|---|
| Other Authors: | |
| Format: | Tesis Section = Libro |
| Language: | Undetermined Spanish |
| Published: |
Managua
UNI
2018
|
| Subjects: |
| LEADER | 01323nam a2200277Ia 4500 | ||
|---|---|---|---|
| 008 | 240830s9999 xx 000 0 und d | ||
| 040 | |a BIBLIOTECA-RUPAP Mon 005.1 C263 | ||
| 041 | |a spa | ||
| 082 | |a Mon 005.1 C263 | ||
| 100 | 1 | |a Carballo Hernández, Jorge Uriel | |
| 100 | 1 | |b Navarro Castañeda, Luis Ernesto | |
| 245 | 1 | 0 | |a Sistema de información web para mejorar la Gestión de procesos de reservación, control y facturación de habitaciones para el Hotel Kelly |
| 260 | |a Managua |b UNI |c 2018 | ||
| 300 | |a 137 p. :il. | ||
| 500 | |a Contiene anexos y CD. | ||
| 502 | |a Tesis (Ingeniero de Sistemas)- UNI, 2018. | ||
| 520 | 3 | |a Presenta el desarrollo de un prototipo de sistema de información web para mejorar la gestión de procesos de reservaciones, control de facturación de habitaciones para el Hotel Kelly. Se aplica una metodología basada en ingeniería web asistida por UWE para el diseño del sistema de información web. Describe el proceso de implementación con plataforma de pagos en línea. | |
| 650 | 7 | |a SISTEMAS DE INFORMACION WEB | |
| 650 | 7 | |b APLICACIÓN WEB | |
| 650 | 7 | |c TECNOLOGIA WEB | |
| 650 | 7 | |d CONTROL Y FACTURACION DE HABITACIONES | |
| 650 | 7 | |e PAGOS EN LINEAS | |
| 700 | 1 | |a Tutor: |b Membreño Gudiel, Yasser Ronald | |
| 942 | |c BK |2 ddc | ||
| 991 | |a TESIS | ||
| 999 | |c 15285 | ||